Technology transfer in biotechnology: from Lab to industry to production
שמור ב:
| מחבר ראשי: | |
|---|---|
| פורמט: | ספר |
| שפה: | אנגלית |
| יצא לאור: |
Berlín
Springer
2005
|
| סדרה: | Advances in Biochemical Engineering-Biotechnology, 92
|
| נושאים: | |
| תגים: |
הוספת תג
אין תגיות, היה/י הראשונ/ה לתייג את הרשומה!
|
MARC
| LEADER | 00000cam a2200000 a 4500 | ||
|---|---|---|---|
| 001 | UCF4900 | ||
| 003 | CL-VaPUC | ||
| 008 | 130110e20050000GW |||||||||||||||||eng|d | ||
| 020 | |a 3540224122 | ||
| 082 | 0 | 4 | |a 660.6 |b KRA |2 21 |
| 100 | 0 | |a Kragl, Udo |e author |9 566600 | |
| 245 | 1 | 0 | |a Technology transfer in biotechnology: from Lab to industry to production |
| 300 | |a 340 p | ||
| 942 | |c BK | ||
| 945 | |d 20130110 00:00:00 |a cmena | ||
| 260 | |a Berlín |b Springer |c 2005 | ||
| 650 | 0 | |a Biotecnología |9 259561 | |
| 650 | 0 | |a Transferencia de tecnología |9 259659 | |
| 650 | 7 | |a MICROBIOLOGIA INDUSTRIAL |2 CL-VaPUC |9 262989 | |
| 583 | |a last modification |c 20130110 11:00:00 |k Rodrigo Vera | ||
| 490 | 0 | |a Advances in Biochemical Engineering-Biotechnology, 92 | |
| 999 | |c 350577 |d 350575 | ||
| 952 | |0 0 |1 0 |4 0 |6 660_600000000000000_KRA_2005 |7 0 |8 A |9 454107 |a BIBING |b BIBING |d 2019-11-22 |i 4942604 |o 660.6 KRA 2005 |p 4942604 |r 2025-01-20 |w 2019-11-22 |y BK |k EIB | ||